000 00361 a2200157 4500
001 156896
020 _a9788508171774
040 _cEscola São Tomás de Aquino
100 _aIACOCCA, Liliana
240 1 0 _aO cachorro e a pulga
_lpor
245 1 0 _aO cachorro e a pulga
300 _a16 p.
362 0 _a2015
697 _a*LITERATURA INFANTO
942 _cBK
999 _c156896
_d156896